| 000 | 00386cam a2200133ua 4500 | ||
|---|---|---|---|
| 003 | OSt | ||
| 008 | 221123b |||||||| |||| 00| 0 eng d | ||
| 041 | _aeng | ||
| 082 |
_a370.1 _bSRI/RE |
||
| 245 | _aReport of the national seminar on the place of spiritual values in education | ||
| 260 |
_aCoimbatore : _bSri Ramakrishna mission vidyalaya , _c1963. |
||
| 300 | _a180 ; . | ||
| 942 | _cBK | ||
| 999 |
_c11534 _d11534 |
||